International law as law of the United States
Αποθηκεύτηκε σε:
| Κύριος συγγραφέας: | |
|---|---|
| Μορφή: | Βιβλίο |
| Γλώσσα: | English |
| Δημοσίευση: |
Durham ; : North Carolina :
Carolina Academic Press,
2003
|
| Έκδοση: | 2nd ed. |
| Θέματα: | |
| Ετικέτες: |
Προσθήκη ετικέτας
Δεν υπάρχουν, Καταχωρήστε ετικέτα πρώτοι!
|
MARC
| LEADER | 00000cam a2200000 i 4500 | ||
|---|---|---|---|
| 001 | 1/86179 | ||
| 008 | 050922s2003 eng d | ||
| 020 | |a 0-89089-391-0 | ||
| 035 | |l 10080481 | ||
| 040 | |a GR-MY-UA |b gre |e aacr | ||
| 041 | 0 | |a eng | |
| 082 | 0 | |a 341 |2 (22) | |
| 100 | 1 | |a Paust, Jordan J. | |
| 245 | 1 | 0 | |a International law as law of the United States / |c Jordan J. Paust |
| 250 | |a 2nd ed. | ||
| 260 | |a Durham ; : |a North Carolina : |b Carolina Academic Press, |c 2003 | ||
| 300 | |a xi, 532 σ.; |c 24 εκ. | ||
| 504 | |a Includes bibliographical references and index | ||
| 650 | 0 | 0 | |a International law |z United States. |
| 650 | 0 | 0 | |a Conflict of laws |z United States. |
| 650 | 0 | 0 | |a Constitutional law |z United States. |
| 852 | |a INST |b RHODES |e 20050922 |h 341 PAU |p 005400022263 |q 005400022263 |t BK |y 0 | ||
| 901 | |a BIBL4-2005-3 | ||
| 909 | |a Ρ |b 122493 | ||
| 970 | |a ΣΙΔΕΡΗ |b ΝΕΚΤΑΡΙΑ |z 2005/09/21 | ||